[Event "CP-2019-Q-00001"]
[Site "LSS email"]
[Date "2019.11.27"]
[Round "?"]
[White "Castle, John"]
[Black "Belanoff, Stuart B"]
[Result "1/2-1/2"]
[WhiteElo "2296"]
[BlackElo "2248"]
[PlyCount "98"]
[EventDate "2019.12.01"]
[EventType "tourn (corr)"]
[EventRounds "6"]
[EventCountry "GER"]
[SourceTitle "Corr 2022"]
[Source "ChessBase"]
[SourceDate "2021.10.24"]
[SourceVersion "1"]
[SourceVersionDate "2021.10.24"]
[SourceQuality "1"]

1. c4 c5 2. Nf3 Nf6 3. Nc3 e6 4. g3 b6 5. Bg2 Bb7 6. 0-0 d6 7. b3 Be7 8. Bb2 0-0 9. e3 Nbd7 10. Qe2 Ne4 11. Nxe4 Bxe4 12. d3 Bb7 13. e4 Qc7 14. d4 Rae8 15. Rad1 a6 16. Rd2 b5 17. Rc1 b4 18. Rcd1 Rd8 19. d5 exd5 20. cxd5 Bf6 21. Bxf6 Nxf6 22. Qd3 a5 23. Re2 Nd7 24. e5 dxe5 25. d6 Qc6 26. Nh4 Qa6 27. Bxb7 Qxb7 28. Nf5 g6 29. Ne7+ Kg7 30. h4 f5 31. h5 Rf6 32. f4 e4 33. Qc4 Qb6 34. Red2 e3 35. Nd5 Qc6 36. Nxe3 Qf3 37. h6+ Kxh6 38. Rd3 Qc6 39. g4 Kg7 40. g5 Rff8 41. Nd5 Nb6 42. Nxb6 Qxb6 43. d7 Qc6 44. Rd5 Rf7 45. Rxc5 Qe4 46. Rc7 h6 47. Kf2 hxg5 48. fxg5 Qe5 49. Qd4 Qxd4+ 1/2-1/2

[Event "CP-2018-Q-00011"]
[Site "LSS email"]
[Date "2018.11.28"]
[Round "?"]
[White "Cardoso, Sergio"]
[Black "Castle, John"]
[Result "0-1"]
[WhiteElo "2222"]
[BlackElo "2225"]
[PlyCount "94"]
[EventDate "2018.12.01"]
[EventType "tourn (corr)"]
[EventRounds "6"]
[EventCountry "GER"]
[SourceTitle "Corr 2022"]
[Source "ChessBase"]
[SourceDate "2021.10.24"]
[SourceVersion "1"]
[SourceVersionDate "2021.10.24"]
[SourceQuality "1"]

1. c4 e5 2. Nf3 e4 3. Nd4 Nc6 4. e3 Nf6 5. Nc3 Bb4 6. Qa4 Bxc3 7. bxc3 b6 8. Ba3 Bb7 9. Rb1 Ng4 10. h3 Nge5 11. Be2 d6 12. 0-0 0-0 13. f4 Nd3 14. Qc2 Re8 15. Nb3 Nb8 16. Ra1 Nd7 17. Bxd3 exd3 18. Qxd3 c5 19. Qe2 f5 20. Bc1 Re6 21. d4 Qe7 22. a4 a5 23. Kh2 Re8 24. Rb1 Rg6 25. d5 Ba6 26. Rf3 Qe4 27. Nd2 Qxd5 28. cxd5 Bxe2 29. Rf2 Rxe3 30. c4 Rf6 31. Nf3 Re4 32. Ng5 Bxc4 33. Bb2 Rf8 34. Nxe4 fxe4 35. Bc3 Bd3 36. Re1 c4 37. Rb2 Rxf4 38. g4 g5 39. Bd4 Kf7 40. Kg2 Ke7 41. Be3 Nf6 42. Bxb6 Nxd5 43. Bxa5 Ke6 44. Rb8 c3 45. Rb3 Rf3 46. Rxc3 Nf4+ 47. Kg1 e3 0-1

[Event "CP-2018-Q-00011"]
[Site "LSS email"]
[Date "2018.11.28"]
[Round "?"]
[White "Castle, John"]
[Black "Wosch, Arkadiusz Janusz"]
[Result "1/2-1/2"]
[WhiteElo "2225"]
[BlackElo "2401"]
[PlyCount "100"]
[EventDate "2018.12.01"]
[EventType "tourn (corr)"]
[EventRounds "6"]
[EventCountry "GER"]
[SourceTitle "Corr 2022"]
[Source "ChessBase"]
[SourceDate "2021.10.24"]
[SourceVersion "1"]
[SourceVersionDate "2021.10.24"]
[SourceQuality "1"]

1. e4 c5 2. Nf3 d6 3. d4 cxd4 4. Nxd4 Nf6 5. Nc3 a6 6. f3 e5 7. Nb3 Be6 8. Be3 Be7 9. Qd2 0-0 10. 0-0-0 Nbd7 11. g4 b5 12. g5 b4 13. gxf6 bxc3 14. Qxc3 Nxf6 15. Na5 Rc8 16. Nc6 Qc7 17. Nxe7+ Qxe7 18. Qa5 Rc6 19. Kb1 Rfc8 20. Rd2 h6 21. b3 Nd7 22. Rg1 Kh7 23. c4 Nc5 24. Rdg2 g6 25. Ka1 Qf8 26. Rb2 Nb7 27. Qb4 Nc5 28. Qa5 Nb7 29. Qb4 Nc5 30. Qd2 Ra8 31. Qa5 Nb7 32. Qc3 Nc5 33. Bd3 a5 34. a4 Qc8 35. Bd2 f5 36. exf5 Bxf5 37. Bc2 Bxc2 38. Qxc2 Qf5 39. Qxf5 gxf5 40. Be3 f4 41. Bxc5 dxc5 42. Rd2 Re8 43. Rd7+ Kh8 44. Re1 Rg6 45. Rd5 e4 46. fxe4 Rg2 47. Rxc5 Rd8 48. Rd5 Rdg8 49. Rdd1 Rxh2 50. Rh1 Re2 1/2-1/2

[Event "CP-2018-P-00032"]
[Site "LSS email"]
[Date "2018.09.27"]
[Round "?"]
[White "Castle, John"]
[Black "Brotherton, Trevor S"]
[Result "1-0"]
[WhiteElo "2160"]
[BlackElo "2091"]
[PlyCount "75"]
[EventDate "2018.10.01"]
[EventType "tourn (corr)"]
[EventRounds "6"]
[EventCountry "GER"]
[SourceTitle "Corr 2022"]
[Source "ChessBase"]
[SourceDate "2021.10.24"]
[SourceVersion "1"]
[SourceVersionDate "2021.10.24"]
[SourceQuality "1"]

1. e4 Nc6 2. d4 d5 3. e5 Bf5 4. c3 e6 5. Nd2 Qd7 6. Be2 f6 7. f4 g5 8. g4 Bg6 9. h4 gxf4 10. h5 Bf7 11. Ndf3 fxe5 12. Nxe5 Nxe5 13. dxe5 0-0-0 14. Nf3 c5 15. Bxf4 Ne7 16. Qd2 Kb8 17. Bg5 Rg8 18. Bf6 d4 19. g5 Qe8 20. g6 dxc3 21. Qxc3 hxg6 22. h6 Nd5 23. Rd1 Be7 24. Qc1 Nxf6 25. exf6 Rxd1+ 26. Bxd1 Bd6 27. Ng5 Rh8 28. Qe3 Qd7 29. h7 Qc7 30. 0-0 a6 31. Kg2 Ka7 32. Ba4 e5 33. Rd1 Bxa2 34. b3 b5 35. Bxb5 axb5 36. Ra1 Qc6+ 37. Qf3 Qa6 38. Qf2 1-0

[Event "CP-2018-P-00032"]
[Site "LSS email"]
[Date "2018.09.27"]
[Round "?"]
[White "Hoge, Kai Uwe"]
[Black "Castle, John"]
[Result "1/2-1/2"]
[WhiteElo "2140"]
[BlackElo "2160"]
[PlyCount "68"]
[EventDate "2018.10.01"]
[EventType "tourn (corr)"]
[EventRounds "6"]
[EventCountry "GER"]
[SourceTitle "Corr 2022"]
[Source "ChessBase"]
[SourceDate "2021.10.24"]
[SourceVersion "1"]
[SourceVersionDate "2021.10.24"]
[SourceQuality "1"]

1. e4 e5 2. Nf3 Nc6 3. d4 exd4 4. Nxd4 Nf6 5. Nxc6 bxc6 6. e5 Qe7 7. Qe2 Nd5 8. c4 Ba6 9. Nd2 g6 10. Nf3 Qb4+ 11. Kd1 Ne7 12. Bg5 Bg7 13. Qd2 Rb8 14. Qxb4 Rxb4 15. b3 c5 16. Kc2 Bb7 17. Re1 Rb6 18. Be3 d6 19. exd6 cxd6 20. Bg5 f6 21. Bd2 Kf7 22. Bc3 Nc6 23. Bd3 a5 24. a3 Rb8 25. Be4 Kf8 26. h4 a4 27. bxa4 f5 28. Bxg7+ Kxg7 29. Bd5 Nd4+ 30. Nxd4 Bxd5 31. Nxf5+ gxf5 32. cxd5 Rb2+ 33. Kc1 Ra2 34. Rh3 Ra1+ 1/2-1/2

[Event "CP-2017-P-00012"]
[Site "LSS email"]
[Date "2017.09.27"]
[Round "?"]
[White "Castle, John"]
[Black "Sirotkin, Evgenji"]
[Result "1-0"]
[WhiteElo "960"]
[BlackElo "1828"]
[PlyCount "87"]
[EventDate "2017.10.01"]
[EventType "tourn (corr)"]
[EventRounds "6"]
[EventCountry "GER"]
[SourceTitle "Corr 2022"]
[Source "ChessBase"]
[SourceDate "2021.10.24"]
[SourceVersion "1"]
[SourceVersionDate "2021.10.24"]
[SourceQuality "1"]

1. e4 c5 2. Nf3 d6 3. d4 cxd4 4. Nxd4 Nf6 5. Nc3 a6 6. h3 e5 7. Nde2 Nbd7 8. g4 h6 9. a4 Nb6 10. Bg2 Be6 11. Nd5 Nbxd5 12. exd5 Bd7 13. 0-0 Rc8 14. b3 Be7 15. c4 0-0 16. Ng3 Ne8 17. Ra2 Bg5 18. f4 exf4 19. Bxf4 Bxf4 20. Rxf4 f5 21. gxf5 Nf6 22. Kh2 Ra8 23. Qa1 Qb6 24. Rf3 Rae8 25. a5 Qd8 26. Ne2 Ne4 27. Nd4 Qh4 28. Ne6 Bxe6 29. dxe6 Rxe6 30. Qd4 Re5 31. Re2 g5 32. Ree3 Rf7 33. Kg1 Kg7 34. c5 Nf6 35. Qxh4 gxh4 36. Rxe5 dxe5 37. Rd3 e4 38. Rd6 Re7 39. b4 Re5 40. Bf1 Rxf5 41. Rb6 Rg5+ 42. Kh2 Nd5 43. Rxb7+ Kf6 44. c6 1-0

[Event "CP-2017-P-00012"]
[Site "LSS email"]
[Date "2017.09.27"]
[Round "?"]
[White "Castle, John"]
[Black "Zielaz, Tadeusz"]
[Result "1/2-1/2"]
[WhiteElo "960"]
[BlackElo "2062"]
[PlyCount "56"]
[EventDate "2017.10.01"]
[EventType "tourn (corr)"]
[EventRounds "6"]
[EventCountry "GER"]
[SourceTitle "Corr 2022"]
[Source "ChessBase"]
[SourceDate "2021.10.24"]
[SourceVersion "1"]
[SourceVersionDate "2021.10.24"]
[SourceQuality "1"]

1. e4 c5 2. Nf3 d6 3. d4 cxd4 4. Nxd4 Nf6 5. Nc3 a6 6. Be3 e6 7. Be2 Be7 8. f4 0-0 9. g4 d5 10. e5 Nfd7 11. g5 Nc6 12. a3 Qc7 13. h4 b5 14. Nxc6 Qxc6 15. Bd4 b4 16. axb4 Bxb4 17. Kf2 a5 18. Kg3 Nc5 19. Bf3 Bb7 20. Na2 Ne4+ 21. Bxe4 dxe4 22. Nxb4 axb4 23. Rxa8 Rxa8 24. Be3 b3 25. cxb3 Qe8 26. Rh2 Rd8 27. Rd2 Rxd2 28. Qxd2 Bd5 1/2-1/2

[Event "CP-2017-P-00012"]
[Site "LSS email"]
[Date "2017.09.27"]
[Round "?"]
[White "Klawitter, Bernd"]
[Black "Castle, John"]
[Result "0-1"]
[WhiteElo "661"]
[BlackElo "960"]
[PlyCount "54"]
[EventDate "2017.10.01"]
[EventType "tourn (corr)"]
[EventRounds "6"]
[EventCountry "GER"]
[SourceTitle "Corr 2022"]
[Source "ChessBase"]
[SourceDate "2021.10.24"]
[SourceVersion "1"]
[SourceVersionDate "2021.10.24"]
[SourceQuality "1"]

1. d4 d5 2. Bf4 Nf6 3. e3 c5 4. Bxb8 Rxb8 5. Bb5+ Bd7 6. Bxd7+ Qxd7 7. Nf3 Qb5 8. Qc1 e6 9. a4 Qa6 10. c3 Bd6 11. c4 cxd4 12. 0-0 dxe3 13. fxe3 dxc4 14. Nc3 0-0 15. Kh1 Rbc8 16. Nd4 Rfd8 17. Ndb5 Bb8 18. Qe1 Qb6 19. Rxf6 gxf6 20. Ne4 Be5 21. Qh4 a6 22. Nxf6+ Bxf6 23. Qg4+ Bg7 24. Nd4 Qxb2 25. Rf1 c3 26. Nxe6 fxe6 27. Qxe6+ Kh8 0-1